Top 100 Największych Overalli w FIFA 23 (złote karty) - Statystyki

Ogólne statystyki
  • Ten quiz został rozwiązany 641 razy
  • Średni wynik to 24 z 100
Statystyki odpowiedzi
Hint Odpowiedź % Poprawnych
91 Lionel Messi
88%
91 Robert Lewandowski
83%
90 Cristiano Ronaldo
78%
91 Kylian Mbappe
76%
91 Karim Benzema
67%
91 Kevin De Bruyne
61%
89 Neymar
56%
88 Erling Haaland
48%
90 Mohamed Salah
46%
90 Manuel Neuer
43%
90 Virgil Van Dijk
39%
89 Harry Kane
38%
88 Luka Modrić
38%
89 Alisson
37%
89 Sadio Mane
37%
89 Ederson
36%
90 Thibaut Courtois
35%
86 Wojciech Szczęsny
35%
89 Ngolo Kante
34%
89 Jan Oblak
32%
88 Marc Andre Ter Stegen
32%
88 Toni Kroos
32%
89 Casemiro
29%
85 Pedri
29%
86 Vinicius Junior
29%
87 David De Gea
27%
88 Ruben Dias
27%
89 Heung Min Son
26%
87 Rodri
26%
87 Thomas Muller
26%
86 Bruno Fernandes
25%
88 Gianluigi Donnarumma
25%
89 Joshua Kimmich
25%
87 Trent Alexander Arnold
25%
88 Bernardo Silva
24%
87 Hugo Lloris
23%
85 Paul Pogba
23%
86 Romelu Lukaku
23%
86 Thiago
23%
87 Antonio Rudiger
22%
88 Joao Cancelo
22%
88 Marquinhos
22%
84 Sergio Ramos
22%
87 Andrew Robertson
21%
86 David Alaba
21%
85 Jordi Alba
21%
87 Leon Goretzka
21%
87 Marco Veratti
20%
85 Phil Foden
20%
85 Sergio Busquets
20%
87 Fabinho
18%
87 Frenkie De Jong
18%
88 Keylor Navas
18%
86 Lautaro Martinez
18%
86 Paulo Dybala
18%
86 Raheem Sterling
18%
85 Kyle Walker
17%
87 Mike Maignan
17%
86 Theo Hernandez
17%
86 Thiago Silva
17%
85 Marco Reus
16%
86 Riyad Mahrez
16%
85 Serge Gnabry
16%
84 Angel Di Maria
15%
86 Edouard Mendy
15%
84 Federico Valverde
15%
86 Kingsley Coman
15%
85 Memphis Depay
15%
86 Aymeric Laporte
14%
85 Ilkay Gundogan
14%
87 Kalidou Koulibaly
14%
86 Christopher Nkunku
13%
85 Diogo Jota
13%
86 Nicolo Barella
13%
84 Alphonso Davies
12%
85 Gerard Moreno
12%
84 Joao Felix
12%
84 Kai Havertz
12%
86 Milan Skriniar
12%
84 Rafael Leao
12%
85 Jorginho
11%
85 Yann Sommer
11%
85 Jamie Vardy
10%
86 Marcelo Brozović
10%
85 Matthijs De Ligt
10%
85 Niklas Sule
10%
86 Sergej Milinković Savić
10%
86 Daniel Parejo
9%
85 Filip Kostić
9%
86 Kevin Trapp
9%
85 Pierre Emerick Aubameyang
9%
85 Nabil Fekir
8%
85 Patrick Schick
8%
85 Peter Gulacsi
7%
85 Yannick Carrasco
7%
84 Fikayo Tomori
6%
85 Iago Aspas
6%
85 Marcos Acuna
6%
84 Sandro Tonali
5%
84 Youri Tielemans
3%
Nie znaleziono quizów pasujących do podanych kryteriów
Rozkład punktacji
Procent ludzi z każdym wynikiem
Percentyl według liczby udzielonych odpowiedzi
Twoja historia wyników
Nie rozwiązałeś tego quizu